LEADER 01284nam a2200289 a 4500 001 000000035080 003 CaOOAMICUS 005 20130621121542.0 008 980218s1938 it u000 u ita r 035 $a10783173 040 $aPUL(R)$bita 100 1 $aCiprotti, Pio,$d1914-1993.$0(OLS)http://pul/name/1280 245 10$aAppunti di diritto privato vaticano /$cPio Ciprotti. 260 $aRoma :$bStudium,$c1938. 300 $a189 p. ;$c22 cm 500 $aIn testa al front.: "Pontificium Institutum Utriusque Iuris". 650 4$aDiritto privato$zSanta Sede.$0(OLS)http://pul/subject/17630 850 $aPUL 852 $aPUL$W1$xSL Diritto Canonico 1$y5$m147 D 47$j48044$nBK-PRI$b $qStampati$B48044$CPULBib$Z2$F48044 $H $81 852 $aPUL$W1$xDP2 Diritto e Scienze Sociali 1$y65$m174 C 18$j48046$nBK-PRI$qStampati$B48046$CPULBib$Z2$F48046 $82 852 $aPUL$W1$xDP1 Fondo Ciprotti$y59$m1544 A 5$j48047$nBK-PRI$b $qFondi$B48047$CPULBib$Z2$F48047 $H $81 941 1 $a8 941 1 $a1 961 $aINV: 7263 961 $aINV: F. Ciprotti 996 $6245$aAppunti di diritto privato vaticano$9(OLS)http://pul/title/48293 996 $6260$aRoma :$bStudium$9(OLS)http://pul/publisher/47892 LEADER 01369nam a2200289 a 4500 001 000000138306 003 CaOOAMICUS 005 20140512114923.0 008 140512s2014 it d 001 0 ita r 020 $a978-88-6030-650-0 040 $aPUL$bita 245 00$aTeoria e clinica dell'alleanza terapeutica :$buna prospettiva cognitivo-evoluzionista /$ca cura di Giovanni Liotti e Fabio Monticelli. 260 $aMilano :$bRaffaello Cortina,$cİ2014. 300 $a228 p. :$bgrafici ;$c23 cm 490 1 $aCollana di psicologia clinica e psicoterapia ;$v267 504 $aInclude riferimenti bibliografici ed indice. 650 4$aPsicologia$xTeorie.$0(OLS)http://pul/subject/10278 700 1 $aLiotti, Giovanni.$0(OLS)http://pul/name/50164 700 1 $aMonticelli, Fabio.$0(OLS)http://pul/name/89150 830 0$aCollana di psicologia clinica e psicoterapia ;$v267.$0(OLS)http://pul/title/12189 850 $aPUL 852 $aPUL$W1$xSL Filosofia 1$y2$m97 S 267$j159514$qStampati$B159052$CPULBib$Z2$F159052 $H123946 $82 941 1 $a8 996 $6020$a978-88-6030-650-0$9(OLS)http://pul/number/155153 996 $6245$aTeoria e clinica dell'alleanza terapeutica :$buna prospettiva cognitivo-evoluzionista$9(OLS)http://pul/title/175074 996 $6260$aMilano :$bRaffaello Cortina$9(OLS)http://pul/publisher/63509